000 00365nam a2200133Ia 4500
008 240624s9999 xx 000 0 und d
041 _aeng
082 _a658.15120218 SAI
100 _aSAINI A L
245 _aINTERNATIONAL FINANCIAL REPORTING STANDARDS IFRS U
260 _c2004
_aNew Delhi
_bSnow White
300 _axlviii, : 780 : p. : cm. ; 26
365 _cRS
_b20
999 _c5100
_d5100